000 00220 a2200097 4500
001 16668
100 _a
245 _aJames all the world aircraft
260 _aLondon
_bJane's publishing co ltd
_c
090 _c12568
_d12568
942 _aNUST-CAE
_cM
_c2856
999 _c251741
_d251741